00453nam a2200145Ia 4500008004100000020001800041082001400059100002400073245002700097260001100124500001000135942000700145952014000152999001500292260604s9999 xx 000 0 und d a9781405295093 a808.3 BRA aMax Brallier935348 0aThe Last Kids on Earth bEGMONT aEarth cBK 00104070aIIMVbIIMVcChildren collectiond2026-06-04g450.00l0o808.3 BRAp003758r2026-06-04 10:19:06v450.00w2026-06-04yBKBBRA c8140d8140